000 00711nam a22002295a 4500
001 37908
005 20180307085556.0
008 911022s1991 nyua 000 0 eng
010 _a 91207662
020 _a0444015566
040 _aDLC
_cDLC
041 _aeng
080 _a577 lub
082 _2lub
100 1 _a8
101 _abio
245 1 0 _aBiochemistry :
_cDavid M. Glick.
504 _aIncludes bibliographical references (p. 199).
906 _a7
_bibc
_corignew
_d2
_encip
_f19
_gy-gencatlg
942 _2ddc
_cBK
999 _c44326
_d44326